Capital Same Length As Country - Statistics

General Stats
  • This quiz has been taken 1,474 times
  • The average score is 17 of 34
Answer Stats
Country Capital % Correct
Japan Tokyo
82%
Russia Moscow
78%
Egypt Cairo
76%
Peru Lima
73%
Canada Ottawa
72%
San Marino San Marino
69%
Greece Athens
67%
Monaco Monaco
67%
Vatican City Vatican City
67%
Luxembourg Luxembourg
66%
Singapore Singapore
61%
Poland Warsaw
61%
Djibouti Djibouti
58%
Turkey Ankara
57%
Algeria Algiers
55%
Taiwan Taipei
50%
Estonia Tallinn
49%
New Zealand Wellington
49%
Angola Luanda
47%
Ghana Accra
45%
Fiji Suva
44%
Zambia Lusaka
42%
Togo Lomé
41%
Georgia Tbilisi
41%
Yemen Sana'a
40%
Armenia Yerevan
40%
Paraguay Asunción
36%
Rwanda Kigali
34%
Gambia Banjul
30%
Botswana Gaborone
26%
Nauru Yaren
24%
Mauritania Nouakchott
20%
Mauritius Port Louis
20%
Burkina Faso Ouagadougou
17%
No matching quizzes found
Score Distribution
Percent of People with Each Score
Percentile by Number Answered
Your Score History
You have not taken this quiz